| 000 | 00532nam a22001817a 4500 | ||
|---|---|---|---|
| 003 | CEME | ||
| 005 | 20210628203723.0 | ||
| 008 | 210317b xxu||||| |||| 00| 0 eng d | ||
| 020 | _a0-13-711706-X | ||
| 040 | _c. | ||
| 082 | _a519.2 STA'P | ||
| 100 |
_aStark, Henry, Woods, John W _967014 |
||
| 245 | _aProbability random processes and estimation theory for engineers | ||
| 260 |
_aNEWJERSCY _bPRENTICE HALL _c1986 |
||
| 300 | _a430P | ||
| 650 |
_aPROBABILITIES STOCHASTIC PROCESSES ESTIMATION THEORY _967015 |
||
| 942 |
_cBK _2ddc |
||
| 999 |
_c574869 _d574869 |
||